[Event "Kiev Spring op"]
[Site "Kiev"]
[Date "2023.03.29"]
[Round "7"]
[White "Khomenko, Pavlo"]
[Black "Petrenko, Mikhail1111"]
[Result "1-0"]
[WhiteElo "1638"]
[BlackElo "1388"]
[PlyCount "123"]
[EventDate "2023.03.25"]
[EventType "swiss"]
[EventRounds "9"]
[EventCountry "UKR"]
[SourceTitle "EXT 2024"]
[Source "ChessBase"]
[SourceDate "2023.10.10"]
[SourceVersion "1"]
[SourceVersionDate "2023.10.10"]
[SourceQuality "1"]

1. e4 c5 2. Nf3 Nc6 3. d4 cxd4 4. Nxd4 e5 5. Nxc6 bxc6 6. Bc4 Nf6 7. Nd2 Bc5 8. 0-0 0-0 9. Qe2 d5 10. Bd3 Re8 11. h3 Qc7 12. Kh1 Bb7 13. a3 Rad8 14. Re1 Bf8 15. Nf1 h6 16. Ng3 Bc8 17. Be3 dxe4 18. Nxe4 Nd5 19. Bc4 Bf5 20. Bc1 Bg6 21. Bb3 Kh8 22. Rf1 Nf4 23. Qf3 Rd4 24. Ng3 Rd6 25. Bxf4 Rf6 26. Bxe5 Rxe5 27. Qc3 Bc5 28. f4 Re3 29. Qxc5 Rxg3 30. Qb4 c5 31. Qd2 Be4 32. Rf2 Rxh3+ 33. Kg1 Rh4 34. Bd5 Bxd5 35. Qxd5 Rhxf4 36. Rxf4 Rxf4 37. Re1 Rf6 38. c4 Qg3 39. Re8+ Kh7 40. Qe4+ Qg6 41. Qxg6+ Kxg6 42. Rc8 Rb6 43. Rxc5 Rxb2 44. a4 Rb4 45. a5 Rb7 46. Kf2 Kf6 47. Ke3 Ke6 48. Kd4 Kd6 49. Rc8 Rc7 50. Rg8 g6 51. g4 Ke6 52. Rh8 Kf6 53. Kd5 Re7 54. c5 Rd7+ 55. Kc6 Ke7 56. Rxh6 Ke6 57. Rh8 Ke7 58. a6 Rd4 59. Ra8 Rd7 60. Rb8 f5 61. gxf5 gxf5 62. Rb7 1-0

[Event "Kiev Spring op"]
[Site "Kiev"]
[Date "2023.03.27"]
[Round "4"]
[White "Khomenko, Pavlo"]
[Black "Filimonov, Arsenii"]
[Result "0-1"]
[WhiteElo "1638"]
[BlackElo "1329"]
[PlyCount "116"]
[EventDate "2023.03.25"]
[EventType "swiss"]
[EventRounds "9"]
[EventCountry "UKR"]
[SourceTitle "EXT 2024"]
[Source "ChessBase"]
[SourceDate "2023.10.10"]
[SourceVersion "1"]
[SourceVersionDate "2023.10.10"]
[SourceQuality "1"]

1. e4 c5 2. e5 Nc6 3. Nf3 e6 4. b3 Qc7 5. Bb2 Nge7 6. d3 Ng6 7. Be2 Ncxe5 8. 0-0 Bd6 9. Nxe5 Bxe5 10. Bxe5 Qxe5 11. c3 0-0 12. Re1 Qf6 13. Qc2 d5 14. Nd2 b6 15. Bf1 Bb7 16. a3 a5 17. h3 Rfe8 18. Nf3 d4 19. Be2 Nf4 20. Kh2 Nxe2 21. Qxe2 Bxf3 22. gxf3 Qf4+ 23. Kg2 dxc3 24. Qe3 Qd4 25. Rac1 Rad8 26. Red1 Rd5 27. Kf1 Red8 28. Qe2 Re5 29. Qc2 Qh4 30. f4 Qxh3+ 31. Kg1 Rh5 32. f3 Qxf3 33. Qg2 Qxf4 34. Rf1 Qe3+ 35. Qf2 Rg5+ 36. Kh2 Qxf2+ 37. Rxf2 Rxd3 38. Rfc2 Rd2+ 39. Kh3 Rd3+ 40. Kh2 Rh5+ 41. Kg2 Rhh3 42. a4 f5 43. Rf1 Rdg3+ 44. Kf2 Rh2+ 45. Kxg3 Rxc2 46. Rf3 g5 47. Rd3 h5 48. Kf3 e5 49. Rd8+ Kf7 50. Ke3 f4+ 51. Ke4 Re2+ 52. Kf5 c2 53. Rd7+ Ke8 54. Ke6 c1Q 55. Re7+ Kd8 56. Rd7+ Kc8 57. Ke7 Rd2 58. Rc7+ Kxc7 0-1

[Event "Kiev Spring op"]
[Site "Kiev"]
[Date "2021.07.12"]
[Round "4"]
[White "Shton, Roman"]
[Black "Khomenko, Pavlo"]
[Result "0-1"]
[WhiteElo "2038"]
[BlackElo "1634"]
[PlyCount "88"]
[EventDate "2021.07.10"]
[EventType "swiss"]
[EventRounds "9"]
[EventCountry "UKR"]
[SourceTitle "EXT 2024"]
[Source "ChessBase"]
[SourceDate "2023.10.10"]
[SourceVersion "1"]
[SourceVersionDate "2023.10.10"]
[SourceQuality "1"]

1. d4 d5 2. Nf3 Nc6 3. g3 Nf6 4. Bg2 h6 5. 0-0 e6 6. c4 dxc4 7. Qa4 Bd6 8. Rd1 Bd7 9. Qxc4 Nd5 10. e4 Nb6 11. Qe2 0-0 12. e5 Be7 13. Nc3 Qc8 14. Bf4 Nb4 15. Rac1 c6 16. a3 N4d5 17. Bd2 Qd8 18. Bf1 Nxc3 19. Rxc3 Nd5 20. Rcc1 Qb6 21. b4 a6 22. Qe4 f5 23. exf6 Nxf6 24. Qe1 Rad8 25. Bc4 Nd5 26. Qe4 Rf5 27. g4 Rf6 28. Bd3 Bd6 29. Qh7+ Kf8 30. Bg6 Ne7 31. Be4 Be8 32. Qh8+ Kf7 33. Qh7 Ng8 34. g5 Rf4 35. Bxf4 Bxf4 36. Rc5 Kf8 37. gxh6 Bxh6 38. Ne5 Nf6 39. Qh8+ Ke7 40. Bf3 Bf7 41. Qxd8+ Qxd8 42. Bxc6 Bh5 43. Bxb7 Qb6 44. Rdc1 Bxc1 0-1

[Event "Kiev Spring op"]
[Site "Kiev"]
[Date "2021.07.11"]
[Round "2"]
[White "Khomenko, Pavlo"]
[Black "Torba, Semen"]
[Result "1-0"]
[WhiteElo "1634"]
[BlackElo "1064"]
[PlyCount "69"]
[EventDate "2021.07.10"]
[EventType "swiss"]
[EventRounds "9"]
[EventCountry "UKR"]
[SourceTitle "EXT 2024"]
[Source "ChessBase"]
[SourceDate "2023.10.10"]
[SourceVersion "1"]
[SourceVersionDate "2023.10.10"]
[SourceQuality "1"]

1. e4 c5 2. Nf3 d6 3. Bc4 Nf6 4. Nc3 g6 5. 0-0 Bg7 6. Re1 0-0 7. e5 dxe5 8. Nxe5 a6 9. Qf3 Qc7 10. a4 Nbd7 11. Nxd7 Qxd7 12. h3 e6 13. d3 b6 14. Qxa8 Bb7 15. Qa7 Qc6 16. f3 Ra8 17. Bb5 Qc7 18. Bf4 Qd8 19. Qxb7 axb5 20. axb5 Rxa1 21. Rxa1 Qd4+ 22. Kh1 Qxf4 23. Ra8+ Bf8 24. Qb8 Qc1+ 25. Kh2 Nd7 26. Qc7 Nf6 27. Ne4 Nxe4 28. dxe4 Kg7 29. Qe5+ Kg8 30. f4 h6 31. Qd6 Kh7 32. Rxf8 g5 33. Rxf7+ Kg6 34. Qxe6+ Kh5 35. g4+ 1-0